[Event "Sant Adria de Besos op 11th"]
[Site "Sant Adria de Besos"]
[Date "2015.05.17"]
[Round "4.4"]
[White "Capellades Subirana, Marc"]
[Black "Rivas Peix, Raul"]
[Result "1-0"]
[WhiteElo "2316"]
[BlackElo "2004"]
[PlyCount "59"]
[EventDate "2015.04.12"]
[EventType "swiss"]
[EventRounds "9"]
[EventCountry "ESP"]
[SourceTitle "EXT 2024"]
[Source "ChessBase"]
[SourceDate "2023.10.10"]
[SourceVersion "1"]
[SourceVersionDate "2023.10.10"]
[SourceQuality "1"]

1. e4 e6 2. d4 d5 3. e5 c5 4. c3 Nc6 5. Nf3 Qb6 6. a3 Nh6 7. b4 cxd4 8. cxd4 Nf5 9. Bb2 a5 10. b5 a4 11. Be2 Be7 12. Ra2 Na7 13. Qxa4 Bd7 14. Nc3 0-0 15. 0-0 Nc6 16. Qd1 Ncxd4 17. Bd3 Nxf3+ 18. Qxf3 Nh4 19. Qg4 Ng6 20. Nxd5 exd5 21. Qxd7 Bc5 22. Qxd5 Ra4 23. Bc3 Rd8 24. Qf3 Rf4 25. Qg3 Ra4 26. Bc2 Raa8 27. a4 Qe6 28. Raa1 b6 29. Kh1 Rac8 30. f4 1-0